000 01147cab a2200277 4500
001 ABS58745
008 090401t1998 xxu||||| |||| 00| 0 eng d
035 _a(Sirsi) u86274
041 _aeng
245 _aAdami v Lincoln Grange Management Ltd
260 _c1998
350 _a0
490 _aEstates Gazette
_v[1998] 17 EG 148-151(4)
520 _aCA 17 December 1997. L owned the lease on a block of maisonettes, for which it had arranged suitable insurance cover. When subsidence occurred to the block, L sought indemnities from the lessees to carry out remedial work, as the insurers had financial difficulties. All paid except A, who carried out work to his own maisonette himself. A`s claim for expenditure incurred and loss of prospective rental income was dismissed.
650 _aADAMI V LINCOLN GRANGE MANAGEMENT LTD
650 _aIMPLIED TERMS
650 _aINDEMNITIES
650 _aINSURANCE COVER
650 _aLEASE TERMS
650 _aMAISONETTES
650 _aREPAIR OBLIGATIONS
650 _aSUBSIDENCE
690 _aLANDLORD AND TENANT-CASE LAW-RESIDENTIAL TENANCIES
942 _n0
948 _c19/05/1998
999 _c54276
_d54276